000 00807nam a2200265 i 4500
003 DO-SdBNP
005 20250610153137.0
007 ta
008 250610s2002 xxuo 000 0 spa d
040 _aDO-SdBNP
_bspa
_cBNPHU
_erda
082 4 _axxxx
_bG618
_222
100 1 _aGoldfarb, Walter
_eautor
_4aut.
_987997
245 1 0 _aFar beyond dreams /
_cWalter Goldfarb
264 _aMiami, Estados Unidos :
_b[Gary Nader],
_c[2002].
300 _a[32] páginas ;
_bfotografías
_c28 cm.
336 _atexto
_btxt
_2rdacontent
337 _asin mediación
_bn
_2rdamedia
338 _avolumen
_bnc
_2rdacarrier
504 _aBibliografía p: 31-32.
590 _aInventariado, 2025/ YL
650 0 _aNovela dominicana
_9223
650 0 _aLiteratura dominicana.
_967
910 _aYLockward
942 _2ddc
_cLF2
999 _c59210
_d59210